Success as a Mediator For Dummies

Detalles Bibliográficos
Autor principal: Pynchon, Victoria
Otros Autores: Kraynak (With), Joe
Formato: eBook
Lenguaje:inglés
Publicado: Hoboken: Wiley, 2012
Materias:
Acceso en línea:Acceso restringido

MARC

LEADER 00000nam a22000007a 4500
005 20210309211755.0
007 cr|||| ||||
008 210309s2012 us |||||s|||| 00||0 eng d
020 |a 978-1-118-20641-6 
035 |a 32437 
040 |a vLex 
090 |c 11329  |d 11329 
100 1 |a Pynchon, Victoria 
245 1 0 |a Success as a Mediator For Dummies  |h [Recurso electrn̤ico] /  |c Victoria Pynchon, Joe Kraynak 
256 |a Servicio en ln̕ea 
260 |a Hoboken:  |b Wiley,  |c 2012 
300 |a 1 recurso electrn̤ico 
500 |a Everything you need to enter the exciting field of legal mediation. To be an effective mediator, it's essential to possess the ability to take control of animated situations, offer advice, and facilitate discussion—all the while remaining neutral without formulating biased judgment. Success as a Mediator For Dummies helps you acquire these attributes and much more. Aspiring mediators will learn the importance of upholding an honorable reputation, the skills, personality traits, and characteristics of a good mediator, and how to effectively market a successful mediation career. Plus, you'll get practical advice about finding work in the field, realistic salary information, and tips on as tips on identifying whether you have the skills and tools to become a good mediator. The steps necessary to become a mediator (education, training, licensing, states-specific requirements, etc.). How your education and professional background can enhance your mediation work. Sample rules and standards of conduct. All the steps necessary to build and market a successful private practice in mediation, or flourish as a mediator in a law firm, corporation, school, or non-profit organization. Whether you have a background in law or an interest in legal careers, Success as a Mediator For Dummies gives you everything you need to enter the exciting field of legal mediation. 
506 1 |a Disponible solo en los productos indicados  |d vLex Global  |d vLex Global (Academic Edition, excluding Law Schools)  |d vLex Global (Academic Edition, Law Schools) 
650 0 4 |a Derecho Procesal  |z Estados Unidos 
650 0 4 |a Derecho Pb︢lico y Administrativo  |z Estados Unidos 
700 1 |a Kraynak (With), Joe 
740 0 |a vLex Libros (Servicio en ln̕ea) 
856 4 0 |u http://vlex.com/source/success-as-a-mediator-for-dummies-32437  |z Acceso restringido 
942 |c BOOK 
999 0 |a Procedural Law 
999 0 |a Public and Administrative Law